On This Day: July 5th Quiz Stats

 Plays Quiz Updated Jul 5, 2017

Support Sporcle.
Go Orange.
Score 0/7 Timer 03:00
0 Plays Today
Question Answer Wrong Answers
______ the sheep becomes the first mammal cloned from an adult cell.
1996
Dolly
86.8%
Polly
2.4%
Molly
4%
Golly
0.5%
This man publishes his ‘Philosophiæ Naturalis Principia Mathematica’, in which he states his laws of motion.
1687
Isaac Newton
84.9%
Galileo Galilei
7.2%
René Descartes
3.1%
Johannes Kepler
4.7%
This symbolic item leaves Philadelphia on its way to the Panama-Pacific International Exposition, its last trip outside of Philadelphia.
1915
Liberty Bell
83.6%
Declaration of Independence
8.8%
Betsy Ross Flag
4.2%
George Washington’s Dentures
1.6%
This tennis player becomes the first African American man to win the Wimbledon singles title.
1975
Arthur Ashe
79.6%
Donald Young
4.3%
James Blake
6.1%
MaliVai Washington
4%
This food is introduced into the market by Hormel Foods.
1937
Spam
79.2%
Bologna
5.1%
Corned Beef
8.9%
Vienna Sausage
4%
The national soccer team from this country wins the FIFA Women’s World Cup in Vancouver, British Columbia.
2015
United States
59.9%
Germany
15.8%
Japan
11.2%
South Korea
6.5%
The 26th Amendment to the US Constitution, which addresses this, is formally certified by President Richard Nixon.
1971
Voting Age
45.9%
Congressional Salaries
11.7%
Succession to the Presidency
19.3%
Presidential Term Limits
19.4%

You're not logged in!

Compare scores with friends on all Sporcle quizzes.
OR
Log In
Forgot?

From the Vault

Longest Best Pictures

by noahaha

You definitely don't want to drink too much soda before watching one of these.
Remove Ads.
Support Sporcle.
Get the best of Sporcle when you Go Orange. This ad-free experience offers more features, more stats, and more fun while also helping to support Sporcle. Thank you for becoming a member.

Show Comments

Extras

Top Quizzes Today


Score Distribution

Your Account Isn't Verified!

In order to create a playlist on Sporcle, you need to verify the email address you used during registration. Go to your Sporcle Settings to finish the process.

Report this User

Report this user for behavior that violates our Community Guidelines.

Details: